| 000 | 00816nam a2200289 a 4500 | ||
|---|---|---|---|
| 001 | 000114265 | ||
| 003 | CHAP | ||
| 005 | 20220329144433.0 | ||
| 008 | 171201s1971 ag |r| |||0|f|spa d | ||
| 010 | _a110726 | ||
| 011 | _a111698 | ||
| 040 | _cCHAP | ||
| 082 | 0 | 4 |
_a863 _bC41 1971 |
| 100 | 1 |
_aCervantes Saavedra, Miguel de _9133599 |
|
| 245 | 1 | 0 |
_aNovelas ejemplares I / _cpor Miguel de Cervantes Saavedra. |
| 250 | _a3 ed. | ||
| 260 |
_aBuenos Aires : _bLosada, _c1971. |
||
| 300 | _a243 p. | ||
| 490 | 1 |
_aBiblioteca clásica y contemporánea _v260 |
|
| 590 |
_aE6096MTM _b05 _c20171201 _lUCH01 _h1230 |
||
| 650 | 1 | 4 |
_aLiteratura española. _967124 |
| 650 | 1 | 4 |
_aNovela española. _982018 |
| 830 | 0 |
_aBiblioteca clásica y contemporánea _v260 _9134166 |
|
| 901 | _aBK | ||
| 942 | _cLIBRO | ||
| 942 | _n0 | ||
| 999 |
_c110726 _d110726 |
||